000 00643nam a22002057a 4500
999 _c243
_d243
003 AR-CdUCM
008 190222b ||||| |||| 00| 0 spa d
020 _a9786124544323
040 _aMUNICIPALIDAD PROVINCIAL DEL CUSCO
_cBIBLIOTECA MUNICIPAL DEL CUSCO
082 _a869.56 /
_bC23
100 _aCandia Muriel, Carlos
_91059
245 _aEl cielo, la tierra y el infierno :
_bnovela /
260 _aCusco :
_bCorporación Emaus,
_c2009.
300 _a187 páginas ;
_c21 cm.
650 _aNovela cusqueña
_91060
650 _aRealismo mágico
_91061
650 _aSierra peruana
_91062
942 _2ddc
_cLIBROS
945 _araen
_d2019-02-22